000 01384nam a2200337Ia 4500
001 ebr10087145
003 CaPaEBR
006 m u
007 cr cn|||||||||
008 880629s1989 nyuab sb 001 0 eng d
010 _z 88022690
020 _z0195064712
020 _z019505198X (alk. paper)
040 _aCaPaEBR
_cCaPaEBR
035 _a(OCoLC)84146184
050 1 4 _aE470.45
_b.F36 1989eb
082 0 4 _a973.7/478
_219
100 1 _aFellman, Michael.
245 1 0 _aInside war
_h[electronic resource] :
_bthe guerrilla conflict in Missouri during the American Civil War /
_cMichael Fellman.
260 _aNew York :
_bOxford University Press,
_c1989.
300 _axx, 331 p. :
_bill., maps.
500 _aIncludes index.
504 _aBibliography: p. 267-313.
533 _aElectronic reproduction.
_bPalo Alto, Calif. :
_cebrary,
_d2009.
_nAvailable via World Wide Web.
_nAccess may be limited to ebrary affiliated libraries.
650 0 _aGuerrillas
_zMissouri
_xHistory
_y19th century.
651 0 _aMissouri
_xHistory
_yCivil War, 1861-1865
_xUnderground movements.
651 0 _aUnited States
_xHistory
_yCivil War, 1861-1865
_xUnderground movements.
655 7 _aElectronic books.
_2local
710 2 _aebrary, Inc.
856 4 0 _uhttp://site.ebrary.com/lib/rucke/Doc?id=10087145
_zAn electronic book accessible through the World Wide Web; click to view
999 _c51651
_d51651